000 01127nam a2200229 i 4500
001 19023
003 ES-MaACL
005 20230906151959.0
007 t|
008 020516s1934 sp |||| | spa d
080 _a373.3(460)"193"
100 1 _aNoguera López, Julio.
_985877
245 1 0 _aLucha contra el analfabetismo
_b: ideas y orientaciones para una nueva ley de instrucción pública /
_cponente Julio Noguera López, secretario segundo de la Sección de Pedagogía.
260 _aMadrid :
_b[s.n.],
_c1934 (
_fImp. J. Pérez Acedo)
300 _a35 p. ;
_c22 cm.
500 _aEn cub.: Ateneo de Madrid, Sección de Pedagogía, curso de 1933 a 1934. Memoria reglamentaria presentada y leída en la sesión del 6 de enero, por el secretario segundo de la Sección.
610 2 4 _aAteneo de Madrid.
_bSección de Pedagogía-
_vMemorias.
_92006
650 1 4 _aEnseñanza primaria-
_zEspaña-
_y1931-1939.
_9166406
852 _aES-MaACL
_j1801-F-9
_z. - Dedicatoria autógrafa del autor
852 _aES-MaACL
_j1795-F-16
852 _aES-MaACL
_j1770-F-3
_q- Ejemp. mecanografiado y con correcciones manuscritas del autor
999 _c19023
_d19023